REPORT OF THE 17th WCO ASIA PACIFIC REGIONAL CONTACT POINTS MEETING / (Record no. 3254)

000 -LEADER
fixed length control field nam a22 a 4500
005 - DATE AND TIME OF LATEST TRANSACTION
control field 20170522094819.0
008 - FIXED-LENGTH DATA ELEMENTS--GENERAL INFORMATION
fixed length control field 170522s2007 my ||||| |||| 00| 0 eng d
040 ## - CATALOGING SOURCE
Original cataloging agency AKMAL
082 ## - DEWEY DECIMAL CLASSIFICATION NUMBER
Classification number 352.4485 REP
090 ## - LOCALLY ASSIGNED LC-TYPE CALL NUMBER (OCLC); LOCAL CALL NUMBER (RLIN)
Classification number (OCLC) (R) ; Classification number, CALL (RLIN) (NR) 352.4485
Local cutter number (OCLC) ; Book number/undivided call number, CALL (RLIN) REP
110 01 - MAIN ENTRY--CORPORATE NAME
Corporate name or jurisdiction name as entry element World Customs Organization
Subordinate unit WCO Asia Pacific
9 (RLIN) 6656
245 10 - TITLE STATEMENT
Title REPORT OF THE 17th WCO ASIA PACIFIC REGIONAL CONTACT POINTS MEETING /
Statement of responsibility, etc. prepared by Radziah binti Abdul Razak(International Affairs Section, Royal Malaysian Customs), Asha Raman Menon ( The Embassy of Malaysia in Belgium)
260 ## - PUBLICATION, DISTRIBUTION, ETC.
Place of publication, distribution, etc. Malaysia;
Name of publisher, distributor, etc. Royal Malaysian Customs,
Date of publication, distribution, etc. 2007
300 ## - PHYSICAL DESCRIPTION
Extent various paging;
Dimensions 30cm.
650 10 - SUBJECT ADDED ENTRY--TOPICAL TERM
Topical term or geographic name entry element Customs Administration
General subdivision Law and legislation
9 (RLIN) 6000
700 0# - ADDED ENTRY--PERSONAL NAME
Personal name Radziah binti Abdul Razak
Relator term .(International Affairs Section, Customs Malaysia HQ)
9 (RLIN) 6657
700 0# - ADDED ENTRY--PERSONAL NAME
Personal name Asha Raman Menon
Relator term . (The Embassy of Malaysia in Belgium)
9 (RLIN) 6658
942 ## - ADDED ENTRY ELEMENTS (KOHA)
Source of classification or shelving scheme
Koha item type Book
950 ## - LOCAL HOLDINGS (RLIN)
Permanent shelving location, LOC (RLIN) AKMAL
Holdings
Withdrawn status Lost status Source of classification or shelving scheme Damaged status Not for loan Collection code Home library Current library Shelving location Date acquired Inventory number Total Checkouts Full call number Barcode Date last seen Price effective from Koha item type
          NON-FICTION AKMAL Melaka AKMAL Melaka PINJAMAN 22.05.2017 002492   352.4485 REP 201703821 22.05.2017 22.05.2017 Book
Pusat Sumber Maklumat Dato' Haji Sarmin Md Hussin, Akademi Kastam Diraja Malaysia, Melaka
Tel: 06-2331106 | Faks: 06-2313787